000 00832nam a2200277Ia 4500
001 Para_4300
003 CHAP
008 220125s1930 xx 000 0 und d
010 _a202827
040 _cCHAP
090 _aPA FOLLETO 1585
100 _aQuisenberry, Karl S
_993537
245 _aHardiness and yield of winter - wheat varieties /
_c Karl S. Quisenberry, and J. Allen Clark
260 _aWashington :
_b Department of Agriculture
300 _a31 p.
440 _aEUA. Department of Agriculture. Circular; 141
_9168249
650 _aFrío
_x Efecto en plantas Trigo
_9168250
700 _aClark, J. Allen
_923619
901 _aPA FOLLETO 1585
902 _aA
905 _a0000001930 WAS 0000000000 00
910 _a1930
942 _cPARA
942 _cPARA
_d1
999 _c202827
_d202827